000 01019nac a22003017a 4500
001 BR9903614
003 BR-BrBNA
005 20240105122243.0
008 230509b bl.|||m| |||| 00| 0 por d
040 _aBR-BrBNA
_bpor
_cBiblioteca Nacional de Agricultura
072 _aL01
090 _a1930 BR9903614
100 1 _aMartins, C.E.
100 1 _aCoser, A.C.
100 1 _aDeresz, F.
110 1 _aCentro Nacional de Pesquisa de Gado de Leite, Juiz de Fora, MG (Brasil)
_91776
245 1 _aFormacao e utilizacao de pastagem de capim-elefante em sistemas intensivos de producao de leite
260 3 _aJuiz de Fora, MG (Brasil):
_c1998.
300 _a35 p.
490 _aCircular Tecnica - Centro Nacional de Pesquisa de Gado de Leite (Brazil)
_vno. 50
_xISSN0100-8757
500 _a16 ref.; 13 tables
650 _aCapim Elefante
650 _aPastagem
650 _aSistema de Alimentacao
650 _aProducao Leiteira
909 _a202312
_bLúcia Elande
_c55
_dLúcia Elande
942 _2AGRIS
_n0
_cMS
999 _c290047
_d290047